Dominion Art Quiz #2 - Statistics

General Stats
  • This quiz has been taken 32 times
    11 since last reset
  • The average score is 364 of 416
Answer Stats
Picture Answer % Correct
Abandoned Mine
100%
Acting Troupe
100%
Alchemist
100%
Ambassador
100%
Amphora
100%
Amulet
100%
Archer
100%
Arena
100%
Armory
100%
Astrolabe
100%
Avanto
100%
Baker
100%
Bard
100%
Bat
100%
Bazaar
100%
Beggar
100%
Berserker
100%
Blacksmith
100%
Blockade
100%
Bonfire
100%
Borrow
100%
Bounty Hunter
100%
Bridge Troll
100%
Broker
100%
Buried Treasure
100%
Bury
100%
Capitalism
100%
Captain
100%
Caravan
100%
Cauldron
100%
Cavalry
100%
Cellar
100%
Champion
100%
Chariot Race
100%
Charlatan
100%
Circle of Witches
100%
City Quarter
100%
Commerce
100%
Conspirator
100%
Contraband
100%
Contract
100%
Copper
100%
Coppersmith
100%
Count
100%
Courier
100%
Courser
100%
Craftsman
100%
Crossroads
100%
Crown
100%
Crypt
100%
Crystal Ball
100%
Curse
100%
Cursed Village
100%
Dame Josephine
100%
Death Cart
100%
Develop
100%
Devil's Workshop
100%
Dominate
100%
Donate
100%
Doubloons
100%
Duke
100%
Emporium
100%
Engineer
100%
Exorcist
100%
Fairgrounds
100%
Familiar
100%
Famine
100%
Farmers' Market
100%
Farmhands
100%
Farming Village
100%
Ferryman
100%
Festival
100%
Figurehead
100%
First Mate
100%
Fishing Village
100%
Fishmonger
100%
Followers
100%
Forge
100%
Fortress
100%
Fortune
100%
Gardens
100%
Garrison
100%
Gatekeeper
100%
Ghost Ship
100%
Giant
100%
Gladiator
100%
Goons
100%
Grand Castle
100%
Graverobber
100%
Groom
100%
Groundskeeper
100%
Guardian
100%
Guide
100%
Haggler
100%
Hamlet
100%
Hammer
100%
Harbinger
100%
Herald
100%
Herb Gatherer
100%
Highwayman
100%
Hill Fort
100%
Horn
100%
Horse Traders
100%
Huge Turnip
100%
Hunter
100%
Hunting Grounds
100%
Ill-Gotten Gains
100%
Imp
100%
Imperial Envoy
100%
Island
100%
Island Folk
100%
Junk Dealer
100%
King's Court
100%
Kitsune
100%
Labyrinth
100%
Lantern
100%
Library
100%
Livery
100%
Loan
100%
Lost City
100%
Lost in the Woods
100%
Magic Lamp
100%
Magpie
100%
Market
100%
Militia
100%
Mill
100%
Mine
100%
Misery|Miserable|Twice Miserable
100%
Mountain Village
100%
Necropolis
100%
Ninja
100%
Noble Brigand
100%
Nomads
100%
Old Map
100%
Old Witch
100%
Opulent Castle
100%
Overlord
100%
Pickaxe
100%
Pillage
100%
Pirate
100%
Pooka
100%
Populate
100%
Possession
100%
Priest
100%
Prince
100%
Princess
100%
Procession
100%
Quarry
100%
Quartermaster
100%
Quest
100%
Ratcatcher
100%
Recruiter
100%
Replace
100%
Riverboat
100%
River Shrine
100%
Royal Blacksmith
100%
Royal Galley
100%
Ruined Library
100%
Ruined Village
100%
Sacred Grove
100%
Sacrifice
100%
Salvager
100%
Sauna
100%
Scepter
100%
Scheme
100%
Scholar
100%
Scrying Pool
100%
Sea Hag
100%
Sea Witch
100%
Secret Cave
100%
Secret Passage
100%
Seer
100%
Seize the Day
100%
Sentinel
100%
Shaman
100%
Sickness
100%
Silk Merchant
100%
Sleigh
100%
Small Castle
100%
Smithy
100%
Snake Witch
100%
Snowy Village
100%
Soothsayer
100%
Spy
100%
Stampede
100%
Steward
100%
Stockpile
100%
Summon
100%
Swashbuckler
100%
Sword
100%
Sycophant
100%
Talisman
100%
Teacher
100%
Tea House
100%
Temple
100%
Tent
100%
The Flame's Gift
100%
The Moon's Gift
100%
The Sea's Gift
100%
The Sky's Gift
100%
The Swamp's Gift
100%
Torturer
100%
Tournament
100%
Tower
100%
Trade Route
100%
Training
100%
Treasure Chest
100%
University
100%
Upgrade
100%
Vassal
100%
Vault
100%
Villa
100%
Vineyard
100%
Walled Village
100%
Wandering Minstrel
100%
Way of the Butterfly
100%
Way of the Frog
100%
Way of the Monkey
100%
Way of the Mule
100%
Way of the Ox
100%
Way of the Pig
100%
Way of the Sheep
100%
Way of the Squirrel
100%
Way of the Turtle
100%
Way of the Worm
100%
Wealthy Village
100%
Weaver
100%
Werewolf
100%
Wheelwright
100%
Wine Merchant
100%
Wishing Well
100%
Witch
100%
Young Witch
100%
Zombie Apprentice
100%
Adventurer
80%
Alley
80%
Anvil
80%
Bag of Gold
80%
Bandit
80%
Band of Misfits
80%
Barbarian
80%
Baron
80%
Battle Plan
80%
Bridge
80%
Cache
80%
Canal
80%
Candlestick Maker
80%
Carnival
80%
Carpenter
80%
Cartographer
80%
Cheap
80%
Citadel
80%
City Gate
80%
Coin of the Realm
80%
Coronet
80%
Corsair
80%
Cursed Gold
80%
Cutthroat
80%
Dame Natalie
80%
Den of Sin
80%
Desert Guides
80%
Diadem
80%
Distant Lands
80%
Embargo
80%
Emissary
80%
Experiment
80%
Farmland
80%
Fawning
80%
Feast
80%
Feodum
80%
Fisherman
80%
Foray
80%
Foresight
80%
Forest Dwellers
80%
Fortune Hunter
80%
Fortune Teller
80%
Fountain
80%
Galleria
80%
Governor
80%
Greed
80%
Guildmaster
80%
Haunted Woods
80%
Haunting
80%
Herbalist
80%
Hovel
80%
Humble Castle
80%
Inherited
80%
Innovation
80%
Insignia
80%
Invest
80%
Joust
80%
Kiln
80%
Kintsugi
80%
Legionary
80%
Locusts
80%
Lucky Coin
80%
Marauder
80%
Marchland
80%
Masquerade
80%
Merchant Camp
80%
Merchant Ship
80%
Mining Road
80%
Miser
80%
Monastery
80%
Nomad Camp
80%
Oracle
80%
Orchard
80%
Pasture
80%
Pearl Diver
80%
Pendant
80%
Pilgrimage
80%
Plague
80%
Poor House
80%
Progress
80%
Prosper
80%
Rapid Expansion
80%
Remake
80%
Rice Broker
80%
Ritual
80%
Road Network
80%
Rogue
80%
Royal Seal
80%
Rustic Village
80%
Sage
80%
Sanctuary
80%
Save
80%
Scavenger
80%
Scouting Party
80%
Secret Chamber
80%
Sentry
80%
Settlers
80%
Sibyl
80%
Silk Road
80%
Silver
80%
Sinister Plot
80%
Skirmisher
80%
Stonemason
80%
Supplies
80%
Swamp Hag
80%
Swamp Shacks
80%
The Mountain's Gift
80%
The Sun's Gift
80%
The Wind's Gift
80%
Tiara
80%
Tide Pools
80%
Toil
80%
Tomb
80%
Tools
80%
Trade
80%
Trading Post
80%
Transmute
80%
Treasure Map
80%
Treasury
80%
Triumph
80%
Underling
80%
Vagrant
80%
Venture
80%
War Chest
80%
Warehouse
80%
Way of the Goat
80%
Witch's Hut
80%
Abundance
60%
Acolyte
60%
Annex
60%
Approaching Army
60%
Artificer
60%
Avoid
60%
Bureaucracy
60%
Cave Dwellers
60%
City-state
60%
Clerk
60%
Dame Sylvia
60%
Delay
60%
Embassy
60%
Exploration
60%
Fated
60%
Flagship
60%
Gang of Pickpockets
60%
Guildhall
60%
Inspiring
60%
Journey
60%
Journeyman
60%
Mapmaker
60%
Panic
60%
Patient
60%
Receive Tribute
60%
Reckless
60%
Rich
60%
Rush
60%
Secluded Shrine
60%
Sir Bailey
60%
Sir Michael
60%
Stowaway
60%
Stronghold
60%
The Field's Gift
60%
Thief
60%
Transmogrify
60%
Continue
40%
Fellowship of Scribes
40%
Flourishing Trade
40%
Growth
40%
Hasty
40%
King's Cache
40%
Launch
40%
League of Shopkeepers
40%
Looting
40%
Market Towns
40%
Mirror
40%
Order of Astrologers
40%
Souk
40%
Trail
40%
Trickster
40%
Woodworkers' Guild
40%
Fair
20%
Good Harvest
20%
Order of Masons
20%
No matching quizzes found
Score Distribution
Percent of People with Each Score
Percentile by Number Answered
Your Score History
You have not taken this quiz since the last reset